| 000 | 01981nam a2200409 a 4500 | ||
|---|---|---|---|
| 001 | ebr10516759 | ||
| 003 | CaPaEBR | ||
| 006 | m u | ||
| 007 | cr cn||||||||| | ||
| 008 | 790405s1961 nyua sb 100 0 eng d | ||
| 010 | _z 60016913 | ||
| 020 | _z9781563478529 | ||
| 020 | _z9781600862588 (e-book) | ||
| 040 |
_aCaPaEBR _cCaPaEBR |
||
| 035 | _a(OCoLC)774285762 | ||
| 050 | 1 | 4 |
_aTL783.54 _b.A44 1960eb |
| 082 | 0 | 4 |
_a629.45 _222 |
| 111 | 2 |
_aAmerican Rocket Society Space Power Systems Conference _d(1960 : _cSanta Monica, Calif.) |
|
| 245 | 1 | 0 |
_aEnergy conversion for space power _h[electronic resource] : _ba selection of technical papers based mainly on a Symposium of the American Rocket Society held at Santa Monica, California, September 27-30, 1960 / _cedited by Nathan W. Snyder. |
| 260 |
_aNew York : _bAcademic Press, _c1961. |
||
| 300 |
_axvi, 779 p. : _bill. |
||
| 490 | 1 |
_aProgress in astronautics and rocketry ; _vv. 3 |
|
| 500 | _aSponsored by the American Rocket Society's Power Systems Committee and others. | ||
| 500 | _aContinued in 1964 by the American Institute of Aeronautics and Astronautics Aerospace Power Systems Conference. | ||
| 504 | _aIncludes bibliographical references. | ||
| 533 |
_aElectronic reproduction. _bPalo Alto, Calif. : _cebrary, _d2013. _nAvailable via World Wide Web. _nAccess may be limited to ebrary affiliated libraries. |
||
| 650 | 0 |
_aSpace vehicles _xElectric equipment _vCongresses. |
|
| 650 | 0 |
_aThermoelectric apparatus and appliances _vCongresses. |
|
| 650 | 0 |
_aPhotoelectric cells _vCongresses. |
|
| 650 | 0 |
_aFuel cells _vCongresses. |
|
| 655 | 7 |
_aElectronic books. _2local |
|
| 700 | 1 | _aSnyder, Nathan W. | |
| 710 | 2 |
_aAmerican Rocket Society. _bPower Systems Committee. |
|
| 710 | 2 | _aebrary, Inc. | |
| 830 | 0 |
_aProgress in astronautics and rocketry ; _vv. 3. |
|
| 856 | 4 | 0 |
_uhttp://site.ebrary.com/lib/rucke/Doc?id=10516759 _zAn electronic book accessible through the World Wide Web; click to view |
| 999 |
_c224331 _d224331 |
||